00557nam a22001937a 4500999001900000005001700019010001300036020002200049035001300071037001300084082001200097100001800109245003900127260003300166270008800199300002400287500002600311942002600337 c164460d16446020190521101805.0 aB-161720 a8190191268c00.00 aB-161720 bDBAD/PUB a616.462 a Vijaya Kumar aDiabetics and Diet/c Vijaya Kumar aNew DelhibLotus Pressc2004 a4263/3, Ansari road, Darya ganj, bNew Delhie110002k30903912mlotuspress@sify.com av,144p.c22cm.(Hbk) aits inclued Glossary. 2ddccENh616.462mVIJ